Т. 2: От Отечественной войны до положения второй мировой державы. Сталин и Хрущев. 1941-1964; История Советского Союза

Bibliographic Details
Parent link:История Советского Союза: В 2-х т./ Д. Боффа. Т. 2: От отечественной войны до положения второй мировой войны. Сталин и Хрущев. 1941-1964.— , 1994-
Language:Russian
Published: 1994
Subjects:
Format: Book
KOHA link:https://koha.lib.tpu.ru/cgi-bin/koha/opac-detail.pl?biblionumber=15713

MARC

LEADER 00000nam2a2200000 4500
001 15713
005 20260220135559.0
010 |a 5713303640 
035 |a (RuTPU)RU\TPU\book\15826 
035 |a BOOK00015895 
090 |a 15713 
100 |a 20011209d1994 km y0 y50 ca 
101 1 |a rus  |c ita 
102 |a RU 
105 |a y z 000zd 
200 0 |a Т. 2: От Отечественной войны до положения второй мировой державы. Сталин и Хрущев. 1941-1964 
210 |d 1994 
215 |a 632 с. 
461 1 |0 (RuTPU)RU\TPU\book\64527  |t История Советского Союза  |o В 2-х т.  |f Д. Боффа  |v Т. 2: От отечественной войны до положения второй мировой войны. Сталин и Хрущев. 1941-1964  |o пер. с итал.  |d 1994- 
600 1 |a Сталин  |g Иосиф Виссарионович  |b И. В.  |f 1878 - 1953  |c российский политический и государственный деятель  |c Генеральный секретарь ЦК КПСС  |c настоящая фамилия Джугашвилли  |c псевдоним Коба  |2 stltpui  |3 (RuTPU)RU\TPU\pers\1058 
600 1 |a Хрущев  |g Никита Сергеевич  |b Н. С.  |f 1894-1971  |c российский политический и государственный деятель  |c в 1953-64 1-й секретарь ЦК КПСС  |2 stltpui  |3 (RuTPU)RU\TPU\pers\395 
606 |a СССР  |x История  |z 1917-1991  |9 82073 
610 1 |a Россия 
610 1 |a Великая Отечественная война 1941-1945 
610 1 |a 20 век 
610 1 |a холодная война 
610 1 |a дипломатия 
610 1 |a 20 съезд 
610 1 |a кризис 
610 1 |a экономические реформы 
686 |a Т3(2)6  |2 rubbk 
801 0 |a RU  |b 63413507  |c 20011209  |g PSBO 
801 2 |a RU  |b 63413507  |c 20140220  |g PSBO 
942 |c BK